Countries with the Lowest Highest points - with exceptions - Statistics

General Stats
  • This quiz has been taken 8 times
  • The average score is 15 of 20
Answer Stats
Height (m) Answer % Correct
322 Netherlands
100%
346 Belarus
86%
694 Belgium
86%
171 Denmark
86%
318 Estonia
86%
300 Guinea-Bissau
86%
312 Latvia
86%
294 Lithuania
86%
986 Togo
86%
658 Benin
71%
749 Burkina Faso
71%
64 Gambia
71%
880 Ghana
71%
103 Qatar
71%
648 Senegal
71%
514 Uruguay
71%
306 Kuwait
57%
915 Mauritania
57%
430 Moldova
57%
842 Paraguay
57%
No matching quizzes found
Score Distribution
Percent of People with Each Score
Percentile by Number Answered
Your Score History
You have not taken this quiz